| 000 | 00913cam a22002174a 4500 | ||
|---|---|---|---|
| 005 | 20250605164328.0 | ||
| 008 | 250528s ||||||||||||||||||||||||d | ||
| 035 | _a23149 | ||
| 020 | _a9780415566568 | ||
| 040 |
_aGR-AtMCL _bgre _dGR-AtMCL _eAACR2 |
||
| 245 | 1 | _aBringing the Reggio Approach to Your Early Years Practice | |
| 250 | _a2nd | ||
| 260 |
_bRoutledge - Taylor & Francis Group, _c2010 |
||
| 300 | _a122 | ||
| 520 | _aThis easy to read series provides an introduction to some of the most important early years philosophies and shows how they can be incorporated into your setting. Acknowledgements, Introduction, Background to the Reggio Approach, Relationships, Creativity, The Environment, Time, Learning and Teaching, Reflective Practice, Conclusion, Useful Contacts. | ||
| 700 | 1 |
_aBrunton Pat _98719 |
|
| 700 | 1 |
_aThorton Linda _98720 |
|
| 942 | _cBK | ||
| 999 |
_c8179 _d8179 |
||